| 000 | 00620nam a2200241 a 4500 | ||
|---|---|---|---|
| 001 | 0001-1195 | ||
| 003 | ELIB.Books | ||
| 008 | 150514 2010 eng | ||
| 020 | _aKBTS | ||
| 035 | _a(ELIB.Books)0001-1350 | ||
| 092 |
_a248.4 _bPDM |
||
| 100 | _aPDM | ||
| 245 |
_a40 Days of Purpose: _bSmall Group Curriculum Leader's Guide |
||
| 260 |
_aLake Parkway _bPurpose Driven Ministries _c2003 |
||
| 300 |
_a70 _c21.5 Cm |
||
| 500 | _aLibrary | ||
| 650 | _aEvangelism | ||
| 856 |
_nKBTS: Library _uKBTS: Elib |
||
| 942 |
_2ddc _cBK |
||
| 990 | _a1 | ||
| 998 |
_cbat _e2015-05-14 |
||
| 999 |
_c11195 _d11195 |
||